| 000 | 00811nas a2200265 4500 | ||
|---|---|---|---|
| 001 | BR2013010362 | ||
| 003 | BR-BrBNA | ||
| 005 | 20231205123436.0 | ||
| 007 | ta | ||
| 008 | 230509b bl.|||p| |||| 00| 00por d | ||
| 040 |
_aBR-BrBNA _bpor _cBiblioteca Nacional de Agricultura |
||
| 041 | _a(En) | ||
| 072 | _aH10 | ||
| 100 | 1 | _aFerrreira, F.Z. | |
| 100 | 1 | _aSilveira, L.C.P. | |
| 100 | 1 | _aHaro, M.M. | |
| 245 | 1 | _aFamilies of hymenopteran parasitoids in organic coffee cultivation in Santo Antônio do Amparo, MG, Brazil | |
| 650 | _aCAFÉ | ||
| 650 | _aAGRICULTURA ORGÂNICA | ||
| 650 | _aHIMENÓPTERO | ||
| 650 | _aPARASITO | ||
| 773 | 0 |
_tCoffee Science (Brazil) _xISSN 1809-6875 _g(Jan-Mar 2013), v. 8(1) p. 1-5 _wBR2013010362 |
|
| 909 |
_a202311 _bLúcia _c55 _dLúcia Elande |
||
| 942 |
_2AGRIS _n0 _cANA |
||
| 999 |
_c233888 _d233888 |
||